Catena ivrivm vtrivsque ivrisprvdentiae (Record no. 8224)
[ view plain ]
| 000 -CABECERA | |
|---|---|
| campo de control de longitud fija | 01237nam a2200337 a 4500 |
| 001 - NÚMERO DE CONTROL | |
| campo de control | BRCA_8561 |
| 003 - IDENTIFICADOR DEL NÚMERO DE CONTROL | |
| campo de control | FranzMayer |
| 005 - FECHA Y HORA DE LA ÚLTIMA TRANSACCIÓN | |
| campo de control | 20230728121405.0 |
| 008 - DATOS DE LONGITUD FIJA--INFORMACIÓN GENERAL | |
| campo de control de longitud fija | 170816s1662----sp-#######---#000-0#lat-# |
| 040 ## - FUENTE DE LA CATALOGACIÓN | |
| Centro catalogador/agencia de origen | MFM |
| Lengua de catalogación | esp |
| Centro/agencia transcriptor | MFM |
| 041 ## - CÓDIGO DE LENGUA | |
| Código de lengua del texto/banda sonora o título independiente | lat |
| 044 ## - CÓDIGO DEL PAÍS DE LA ENTIDAD EDITORA/PRODUCTORA | |
| Código MARC del país | sp |
| 050 #4 - SIGNATURA TOPOGRÁFICA DE LA BIBLIOTECA DEL CONGRESO | |
| Número de clasificación | KBR2155 |
| Número de documento/Ítem | .G73 |
| 100 1# - ENTRADA PRINCIPAL--NOMBRE DE PERSONA | |
| Nombre de persona | Graña Nieto, Antonio |
| 9 (RLIN) | 21444 |
| 245 10 - MENCIÓN DE TÍTULO | |
| Título | Catena ivrivm vtrivsque ivrisprvdentiae |
| Mención de responsabilidad, etc. | Antonio Graña Nieto. |
| 260 ## - PUBLICACIÓN, DISTRIBUCIÓN, ETC. | |
| Lugar de publicación, distribución, etc. | Matriti |
| Nombre del editor, distribuidor, etc. | Apud melchiorem sanchez |
| Fecha de publicación, distribución, etc. | 1662 |
| 300 ## - DESCRIPCIÓN FÍSICA | |
| Extensión | TIII, 388 p. |
| Dimensiones | 28 cm |
| 500 ## - NOTA GENERAL | |
| Nota general | Fondo antiguo |
| 500 ## - NOTA GENERAL | |
| Nota general | Se encuentra en Caja Fuerte |
| 500 ## - NOTA GENERAL | |
| Nota general | s/no. |
| 500 ## - NOTA GENERAL | |
| Nota general | Incluye índice |
| 500 ## - NOTA GENERAL | |
| Nota general | Contiene fe de erratas, tassa y suma del privilegio |
| 500 ## - NOTA GENERAL | |
| Nota general | Texto impreso a dos columnas |
| 500 ## - NOTA GENERAL | |
| Nota general | Estado físico: daño por polilla en las páginas 169-196 |
| 500 ## - NOTA GENERAL | |
| Nota general | Nota de encuadernación: en piel pergamino |
| 505 0# - NOTA DE CONTENIDO CON FORMATO | |
| Nota de contenido con formato | cvm triplici indice, primo titvlorvm, et capitvm, quae releguntur, secundo textuum, qui obiter illustrantur, tertio verborum, & rerum quae in toto opere con inentur |
| 506 0# - NOTA DE RESTRICCIONES AL ACCESO | |
| Limitaciones de acceso | Fondo reservado: para su consulta es necesario credencial de usuario y carta de motivos |
| 650 14 - PUNTO DE ACCESO ADICIONAL DE MATERIA--TÉRMINO DE MATERIA | |
| Término de materia o nombre geográfico como elemento de entrada | Derecho canónico |
| 9 (RLIN) | 21260 |
| 902 ## - CATALOGADOR | |
| Iniciales | LAR |
| 942 ## - ELEMENTOS DE PUNTO DE ACCESO ADICIONAL (KOHA) | |
| Fuente del sistema de clasificación o colocación | Library of Congress Classification |
| Tipo de ítem Koha | Libros |
| Estado de retiro | Estado de pérdida | Fuente del sistema de clasificación o colocación | Estado dañado | No para préstamo | Código de colección | Localización permanente | Ubicación/localización actual | Fecha de adquisición | Fuente de adquisición | Total de préstamos | Signatura topográfica completa | Código de barras | Fecha visto por última vez | Precio válido a partir de | Tipo de ítem Koha |
|---|---|---|---|---|---|---|---|---|---|---|---|---|---|---|---|
| El ejemplar forma parte de la colección y puede ser consultado según las políticas vigentes. | Library of Congress Classification | Conventual Franz Mayer | Biblioteca del Museo Franz Mayer (Rogerio Casas-Alatriste) | Biblioteca del Museo Franz Mayer (Rogerio Casas-Alatriste) | 17/08/2016 | Donación | KBR2155 .G73 1662 | LAR00064 | 22/03/2019 | 22/03/2019 | Libros |